000 00645nam a2200181 i 4500
001 55533
003 ES-MaACL
005 20250820215421.0
007 t|
008 030922s1963 sp |||| | spa d
245 0 3 _aEl desarrollo económico de España
_b: juicio crítico del informe del Banco Mundial /
_cpor varios autores ; recopilación de Enrique Fuentes Quintana.
260 _aMadrid :
_bRevista de Occidente,
_c[1963]
300 _a365 p. ;
_c24 cm.
651 4 _aEspaña-
_xPolítica económica-
_y1955-1975.
_98408
700 1 _aFuentes Quintana, Enrique,
_d1924-2007
_952942
852 _aES-MaACL
_jC-23615
999 _c55533
_d55533